000 00469nam a2200181Ia 4500
003 OSt
005 20140325143507.0
008 140130s9999 xx 000 0 und d
020 _a1577556445
050 _aREF 523.8022
_bP844 2004
100 _aPorter, Malcom
245 _cMalcom Porter
_aThe Complete children's atlas /
260 _bScholastic,
_c2004.
_aCanada :
300 _a96 p. :
_bcol. ill. ;
_c26 cm.
440 _v1
942 _cBK
_2lcc
999 _c42003
_d42003